000 01098cad a22002175a 4500
001 L149208
008 100203s2010 xxkad f s 000 0 eng d
035 _a(Sirsi) u149208
041 0 _aeng
050 0 4 _a333.33 $2 18
110 2 _aLambert Smith Hampton
_92865
245 0 0 _aUKIT quarterly bulletin 2009 Q4
_h[electronic resource]
260 _a[S.l.]
_bLSH
_c2010
490 0 _aUK Investment Transactions (UKIT)
_vFourth Quarter 2009
520 _aThe property investment market has given the clearest sign yet that the downturn is over with a 61bp improvement in yields in the fourth quarter 2009.This is the largest shift in one quarter since Lambert Smith Hampton?s records began and brings the overall movement in yields to 91bp since the middle of 2009, indicating the marked positive shift in sentiment towards the market.
590 _aKA
651 4 _aUnited Kingdom
_y
690 _aPROPERTY-COMMERCIAL PROPERTY-COMMERCIAL PROPERTY FINANCE AND INVESTMENT
856 4 0 _uhttps://www.lsh.co.uk/pages/research_list.asp
_zView the item free of charge at www.lsh.co.uk...
942 _n0
999 _c110414
_d110414